| 000 | 01078nam a2200301 c 4500 | ||
|---|---|---|---|
| 999 |
_c165847 _d165847 |
||
| 003 | BLK | ||
| 005 | 20220722160940.0 | ||
| 008 | 180410b bul|||||r ||||||| ||bul|| | ||
| 010 | _aKNG00173488000 | ||
| 040 | _aBLK | ||
| 041 |
_aBUL _cBUL |
||
| 080 |
_aБългарска литература _b821.163.2 _x-1 _z821.163.2-1 |
||
| 100 | 1 |
_aДимитрова, Блага _eпърви автор _9368072 |
|
| 139 |
_aДимитрова, Блага _bД 58 |
||
| 245 | 1 | 0 |
_aСтихотворения _cБлага Димитрова; предг. от Здравко Петров. |
| 250 | _a5. изд | ||
| 257 | _aBGR | ||
| 260 |
_aСофия _bБълг. писател _c1972 |
||
| 300 |
_a143 с. _c20 см |
||
| 380 | _aX | ||
| 490 |
_aБиблиотека за ученика _9201322 |
||
| 700 | 1 |
_aПетров, Здравко _eпредг. от _gЖелев, Здравко Петров _9367839 |
|
| 852 |
_aЦб 65019 _bЦб |
||
| 856 | 4 | _qpdf | |
| 856 | 4 | _qpdf | |
| 942 |
_cKNG _n0 _s1 |
||
| 944 |
_aCR _c25.03.2015 _kХристина_Везирева |
||
| 944 |
_aED _c25.03.2015 _kХристина_Везирева |
||
| 944 |
_aED _c2022-07-22 _kВП |
||
| 999 | _d165847 | ||